| 000 | 00429nam a22001697a 4500 | ||
|---|---|---|---|
| 003 | MPLRDC | ||
| 005 | 20220104124501.0 | ||
| 008 | 210129b ||||| |||| 00| 0 eng d | ||
| 082 | _a859.3 ETKW v.46 | ||
| 100 | _a赵玉平等编辑 | ||
| 245 |
_a世界恐怖故事 _c |
||
| 260 |
_a _b泉源出版社 _c1987 |
||
| 300 | _b平 | ||
| 490 | _a儿童课外优良丛书;46 | ||
| 650 | _a儿童故事 | ||
| 942 |
_cBK _o859.3 ETKW v.46 |
||
| 999 |
_c19701 _d19691 |
||